000 00519nam a2200181Ia 4500
003 GCL
008 140319s9999 xx 000 0 ara d
040 _aGCL /
_cGCL
082 0 4 _a823.5
_bص ن
100 1 _aبيكيت، صمويل
245 1 0 _aالنهاية /
_cبيكيت، صمويل
260 _a[S.N] :
_bدار سعاد الصباح ،
_c1992
300 _a93 ص
490 _a
650 0 4 _aالقصص الانجليزية المترجمة
650 0 4 _aالادب الانجليزى
942 _2ddc
_cBK
999 _c56329
_d56329